000 00222nam a22000857a 4500
999 _c11286
_d11286
008 190118b ||||| |||| 00| 0 eng d
100 _aCarroll Lewis
_97029
245 _aAlice in Wonderland
260 _aNew Delhi
_bCampfire
_c2016